Normal view
MARC view
- السياسيون الاردنيون- تراجم-الاردن- تاريخ -قرن 20
Entry Topical Term
001 - CONTROL NUMBER
- control field: 60277
003 - CONTROL NUMBER IDENTIFIER
- control field: JO-AjAnu
005 - DATE AND TIME OF LATEST TRANSACTION
- control field: 20230606083844.0
008 - FIXED-LENGTH DATA ELEMENTS
- fixed length control field: 230606|| aca||aabn | a|a d
040 ## - CATALOGING SOURCE
- Original cataloging agency: JO-AjAnu
- Transcribing agency: JO-AjAnu
150 ## - HEADING--TOPICAL TERM
- Topical term or geographic name entry element: السياسيون الاردنيون- تراجم-الاردن- تاريخ -قرن 20
670 ## - SOURCE DATA FOUND
- Source citation: Work cat.: (JO-AjAnu)30739: تأليف:الخطبا، فوزي, author 60276, شمس الدين سامي الرجل والتجربة والرؤية